[Event "HUN-chT4 1617"]
[Site "Hungary"]
[Date "2017.04.23"]
[Round "7.4"]
[White "Kelemen, Zsofi"]
[Black "Nagy, Ferenc"]
[Result "1/2-1/2"]
[WhiteElo "1187"]
[BlackElo "1352"]
[PlyCount "57"]
[EventDate "2016.10.02"]
[EventType "team-tourn"]
[EventRounds "7"]
[EventCountry "HUN"]
[SourceTitle "EXT 2019"]
[Source "ChessBase"]
[SourceDate "2018.10.10"]
[SourceVersion "1"]
[SourceVersionDate "2018.10.10"]
[SourceQuality "1"]

1. d4 c5 2. c3 Nc6 3. Bf4 cxd4 4. cxd4 d5 5. e3 a6 6. Nd2 Bf5 7. a3 e6 8. Ngf3 Be7 9. Be2 h6 10. 0-0 Nf6 11. Qb3 Qd7 12. Ne5 Nxe5 13. Bxe5 0-0 14. Nf3 Ne4 15. h3 Bg6 16. Rfc1 Bd6 17. Rc2 Bxe5 18. Nxe5 Qe7 19. Nxg6 fxg6 20. f3 Nd6 21. Rac1 Rac8 22. Qb4 Rxc2 23. Rxc2 Kh7 24. Bd3 Rd8 25. e4 Qg5 26. e5 Qe3+ 27. Rf2 Qxd3 28. exd6 Qc4 29. Qxb7 1/2-1/2

[Event "HUN-chT4 1617"]
[Site "Hungary"]
[Date "2017.03.19"]
[Round "6.1"]
[White "Nagy, Ferenc"]
[Black "Jonas, Benedek Gabor"]
[Result "0-1"]
[WhiteElo "1369"]
[BlackElo "1417"]
[PlyCount "62"]
[EventDate "2016.10.02"]
[EventType "team-tourn"]
[EventRounds "7"]
[EventCountry "HUN"]
[SourceTitle "EXT 2019"]
[Source "ChessBase"]
[SourceDate "2018.10.10"]
[SourceVersion "1"]
[SourceVersionDate "2018.10.10"]
[SourceQuality "1"]

1. e4 e6 2. Nf3 d5 3. exd5 exd5 4. c3 Bf5 5. Nd4 Bg6 6. Qe2+ Be7 7. Qb5+ Nc6 8. Nxc6 bxc6 9. Qxc6+ Kf8 10. d4 Qe8 11. Qxe8+ Rxe8 12. Bb5 Bg5+ 13. Bxe8 Bxc1 14. 0-0 Bxb2 15. Re1 Bxa1 16. Bd7 Nf6 17. Ba4 Bf5 18. Na3 Bxc3 19. Rc1 Bb2 20. Rxc7 Bxa3 21. Rxa7 g6 22. Bc2 Bxc2 23. Rxa3 Kg7 24. Rc3 Rb8 25. h3 Bb1 26. Rb3 Rxb3 27. axb3 Bc2 28. b4 Bb3 29. f3 Nd7 30. Kf2 Nb8 31. Ke3 Bc4 0-1

[Event "HUN-chT2 Erkel 1516"]
[Site "Hungary"]
[Date "2016.04.03"]
[Round "10.6"]
[White "Vamosi, Laszlo Jr"]
[Black "Nagy, Ferenc"]
[Result "1/2-1/2"]
[WhiteElo "1944"]
[BlackElo "1976"]
[PlyCount "23"]
[EventDate "2015.09.13"]
[EventType "team-tourn"]
[EventRounds "11"]
[EventCountry "HUN"]
[SourceTitle "EXT 2017"]
[Source "ChessBase"]
[SourceDate "2016.10.25"]
[SourceVersion "1"]
[SourceVersionDate "2016.10.25"]
[SourceQuality "1"]
[WhiteTeam "Andornaktalya"]
[BlackTeam "Jaszbereny"]
[WhiteTeamCountry "HUN"]
[BlackTeamCountry "HUN"]

1. c4 Nf6 2. g3 e6 3. Bg2 d5 4. Nc3 d4 5. Ne4 c5 6. Nxf6+ Qxf6 7. d3 Bd6 8. Qa4+ Bd7 9. Qb3 Nc6 10. Nh3 h6 11. Nf4 b6 12. Bd2 1/2-1/2

[Event "HUN-chT2 Erkel 1516"]
[Site "Hungary"]
[Date "2016.02.28"]
[Round "8.5"]
[White "Miklos, Daniel"]
[Black "Nagy, Ferenc"]
[Result "1-0"]
[WhiteElo "1952"]
[BlackElo "1976"]
[PlyCount "57"]
[EventDate "2015.09.13"]
[EventType "team-tourn"]
[EventRounds "11"]
[EventCountry "HUN"]
[SourceTitle "EXT 2017"]
[Source "ChessBase"]
[SourceDate "2016.10.25"]
[SourceVersion "1"]
[SourceVersionDate "2016.10.25"]
[SourceQuality "1"]
[WhiteTeam "Salgotarjan"]
[BlackTeam "Jaszbereny"]
[WhiteTeamCountry "HUN"]
[BlackTeamCountry "HUN"]

1. e4 c5 2. g3 g6 3. Bg2 Bg7 4. d3 Nc6 5. f4 d6 6. c3 Bd7 7. Nf3 Qb6 8. Qc2 f5 9. Be3 Nf6 10. Nbd2 0-0-0 11. 0-0 Qc7 12. Rab1 Ng4 13. Bf2 Nxf2 14. Rxf2 e5 15. Ng5 Rde8 16. Nc4 Re7 17. Ne3 Ree8 18. Nd5 Qb8 19. b4 h6 20. Nf3 Be6 21. bxc5 dxc5 22. Nh4 exf4 23. Nxf4 Qc7 24. Nhxg6 Rhg8 25. Nxe6 Rxe6 26. exf5 Rd6 27. Nf4 Bf6 28. Ne6 Qa5 29. Qb3 1-0

[Event "HUN-chT2 Erkel 1516"]
[Site "Hungary"]
[Date "2015.10.04"]
[Round "2.5"]
[White "Sugar, Karoly"]
[Black "Nagy, Ferenc"]
[Result "1-0"]
[WhiteElo "2169"]
[BlackElo "1976"]
[PlyCount "53"]
[EventDate "2015.09.13"]
[EventType "team-tourn"]
[EventRounds "11"]
[EventCountry "HUN"]
[SourceTitle "CBM 170 Extra"]
[Source "ChessBase"]
[SourceDate "2016.02.25"]
[SourceVersion "1"]
[SourceVersionDate "2016.02.25"]
[SourceQuality "1"]
[WhiteTeam "Pestszentlorinc"]
[BlackTeam "Jaszbereny"]
[WhiteTeamCountry "HUN"]
[BlackTeamCountry "HUN"]

1. d4 Nf6 2. Nf3 e6 3. c4 d5 4. Nc3 Bb4 5. e3 c6 6. Bd3 Nbd7 7. 0-0 0-0 8. Bd2 Re8 9. Nxd5 Bxd2 10. Nxf6+ Qxf6 11. Qxd2 Rd8 12. Rad1 g6 13. e4 e5 14. d5 Nc5 15. Qe3 b6 16. b4 Na6 17. a3 c5 18. b5 Nc7 19. Nd2 Qe7 20. f4 f6 21. fxe5 fxe5 22. Qg3 Bd7 23. Nf3 Re8 24. Rd2 a6 25. a4 Kg7 26. Rdf2 axb5 27. axb5 1-0

[Event "HUN-chT4a 1415"]
[Site "Hungary"]
[Date "2015.04.12"]
[Round "7.3"]
[White "Kadi, Richard"]
[Black "Nagy, Ferenc"]
[Result "1-0"]
[WhiteElo "1600"]
[BlackElo "2108"]
[PlyCount "61"]
[EventDate "2014.10.19"]
[EventType "team-tourn"]
[EventRounds "7"]
[EventCountry "HUN"]
[SourceTitle "EXT 2016"]
[Source "ChessBase"]
[SourceDate "2015.10.08"]
[SourceVersion "1"]
[SourceVersionDate "2015.10.08"]
[SourceQuality "1"]

1. e4 c5 2. Nf3 Nc6 3. d4 cxd4 4. Nxd4 e5 5. Nb5 a6 6. Nd6+ Bxd6 7. Qxd6 Qf6 8. Qd1 Qh4 9. Nc3 Qd8 10. Bc4 h6 11. Qg4 g6 12. Nd5 Nf6 13. Qf3 Nxd5 14. Bxd5 Qe7 15. c3 b5 16. Be3 a5 17. Bc5 Qxc5 18. Qxf7+ Kd8 19. Qf6+ Kc7 20. Qxh8 Bb7 21. Qxh6 Ne7 22. Bxb7 Kxb7 23. Rd1 Rd8 24. 0-0 Qc6 25. Qe3 g5 26. Rd2 d5 27. Qxg5 Qc7 28. exd5 Rxd5 29. Rxd5 Nxd5 30. Re1 Qh7 31. Qxe5 1-0

[Event "HUN-chT2 Erkel 1415"]
[Site "Hungary"]
[Date "2015.03.22"]
[Round "8.10"]
[White "Nagy, Ferenc"]
[Black "Berta, Sandor Martin"]
[Result "0-1"]
[WhiteElo "1902"]
[BlackElo "2009"]
[PlyCount "102"]
[EventDate "2014.09.28"]
[EventType "team-tourn"]
[EventRounds "9"]
[EventCountry "HUN"]
[SourceTitle "EXT 2016"]
[Source "ChessBase"]
[SourceDate "2015.10.08"]
[SourceVersion "1"]
[SourceVersionDate "2015.10.08"]
[SourceQuality "1"]
[WhiteTeam "Jaszbereny"]
[BlackTeam "Budapest MTK"]
[WhiteTeamCountry "HUN"]
[BlackTeamCountry "HUN"]

1. e4 c5 2. Nf3 Nc6 3. d4 cxd4 4. Nxd4 Qb6 5. Nb3 Nf6 6. Nc3 e6 7. Bd3 Bb4 8. Bd2 0-0 9. a3 Be7 10. 0-0 a6 11. Be3 Qc7 12. f4 d6 13. Qf3 b5 14. g4 Bb7 15. Qh3 Rfd8 16. e5 dxe5 17. g5 Rxd3 18. cxd3 Nd5 19. Nxd5 exd5 20. f5 d4 21. Bd2 f6 22. gxf6 gxf6 23. Rf3 Kh8 24. Rg3 Bf8 25. Kf2 Qf7 26. Qh4 Ne7 27. Rag1 Rc8 28. Bb4 Bd5 29. Bxe7 Rc2+ 30. Ke1 Bxe7 31. Qh6 Bf8 32. Rg8+ Qxg8 33. Rxg8+ Kxg8 34. Qxf6 Bxb3 35. Qxe5 Rxb2 36. Qg3+ Kf7 37. Qc7+ Be7 38. h4 Rc2 39. Qa7 Rc5 40. f6 Kxf6 41. Qxa6+ Be6 42. Qa8 Re5+ 43. Kd2 Bg4 44. Qh8+ Kf5 45. Qxh7+ Kf4 46. Qf7+ Kg3 47. Qg7 Re2+ 48. Kc1 Bxa3+ 49. Kb1 Bb2 50. h5 Bc3 51. h6 Kh3 0-1

[Event "HUN-chT4a 1415"]
[Site "Hungary"]
[Date "2014.12.07"]
[Round "3.2"]
[White "Nagy, Ferenc"]
[Black "Balogh, Akos"]
[Result "0-1"]
[WhiteElo "2108"]
[BlackElo "1602"]
[PlyCount "62"]
[EventDate "2014.10.19"]
[EventType "team-tourn"]
[EventRounds "7"]
[EventCountry "HUN"]
[SourceTitle "EXT 2016"]
[Source "ChessBase"]
[SourceDate "2015.10.08"]
[SourceVersion "1"]
[SourceVersionDate "2015.10.08"]
[SourceQuality "1"]

1. e4 g6 2. Nf3 Bg7 3. d4 d6 4. Bc4 Nf6 5. Ng5 0-0 6. h3 h6 7. e5 dxe5 8. dxe5 Qxd1+ 9. Kxd1 hxg5 10. exf6 Bxf6 11. Nd2 Nc6 12. c3 Ne5 13. Be2 Rd8 14. Ke1 Nd3+ 15. Bxd3 Rxd3 16. Ne4 Rd5 17. Nxf6+ exf6 18. f3 Bf5 19. Kf2 Rad8 20. Re1 Kf8 21. Be3 b6 22. Bd4 R5d6 23. a4 c5 24. Be3 a5 25. Kg3 Rd3 26. Kf2 Be6 27. Kg1 Bb3 28. Kh2 Re8 29. Bxc5+ bxc5 30. Rxe8+ Kxe8 31. Ra3 c4 0-1

[Event "HUN-chT2 Erkel 1415"]
[Site "Hungary"]
[Date "2014.11.16"]
[Round "2.10"]
[White "Malik, Andras"]
[Black "Nagy, Ferenc"]
[Result "0-1"]
[WhiteElo "2001"]
[BlackElo "1902"]
[PlyCount "82"]
[EventDate "2014.09.28"]
[EventType "team-tourn"]
[EventRounds "9"]
[EventCountry "HUN"]
[SourceTitle "EXT 2016"]
[Source "ChessBase"]
[SourceDate "2015.10.08"]
[SourceVersion "1"]
[SourceVersionDate "2015.10.08"]
[SourceQuality "1"]
[WhiteTeam "Andornaktalya"]
[BlackTeam "Jaszbereny"]
[WhiteTeamCountry "HUN"]
[BlackTeamCountry "HUN"]

1. e4 e6 2. Nf3 d5 3. exd5 exd5 4. d4 Bd6 5. Nc3 c6 6. Be2 Ne7 7. Bg5 f6 8. Be3 0-0 9. Qd2 Bf5 10. Bd3 Re8 11. 0-0-0 b5 12. Rde1 Bxd3 13. Qxd3 Nd7 14. Nh4 Qa5 15. Kb1 Nb6 16. Nd1 Nc4 17. Bc1 Qc7 18. Nf5 Nxf5 19. Qxf5 Qf7 20. b3 Nb6 21. g3 a5 22. Nb2 Bb4 23. Re3 Rxe3 24. fxe3 a4 25. Nd3 Bc3 26. Bb2 Bxb2 27. Kxb2 axb3 28. cxb3 Qe7 29. Qf2 Nc4+ 30. bxc4 Qa3+ 31. Ka1 Qxd3 32. cxd5 cxd5 33. Rc1 b4 34. Kb2 Qa3+ 35. Kb1 b3 36. Qb2 bxa2+ 37. Ka1 Qxe3 38. Rc3 Qe1+ 39. Rc1 Qe4 40. Rc3 h6 41. Ra3 Qb1+ 0-1

[Event "HUN-chT2 Erkel 1415"]
[Site "Hungary"]
[Date "2014.10.05"]
[Round "1.10"]
[White "Nagy, Ferenc"]
[Black "Rinyu, Janos"]
[Result "1/2-1/2"]
[WhiteElo "1902"]
[BlackElo "1875"]
[PlyCount "34"]
[EventDate "2014.09.28"]
[EventType "team-tourn"]
[EventRounds "9"]
[EventCountry "HUN"]
[SourceTitle "EXT 2016"]
[Source "ChessBase"]
[SourceDate "2015.10.08"]
[SourceVersion "1"]
[SourceVersionDate "2015.10.08"]
[SourceQuality "1"]
[WhiteTeam "Jaszbereny"]
[BlackTeam "Fot"]
[WhiteTeamCountry "HUN"]
[BlackTeamCountry "HUN"]

1. e4 c5 2. Nf3 Nc6 3. d4 cxd4 4. Nxd4 g6 5. Be3 Nf6 6. Nc3 Bg7 7. Be2 0-0 8. Qd2 d5 9. Nxc6 bxc6 10. 0-0-0 Be6 11. Bf3 Qa5 12. exd5 Rfd8 13. Kb1 Rab8 14. b3 cxd5 15. Nxd5 Qa3 16. Nxf6+ Bxf6 17. Qc1 Qb4 1/2-1/2

[Event "HUN-chT4 1314"]
[Site "Hungary"]
[Date "2014.04.06"]
[Round "9.3"]
[White "Nagy, Ferenc"]
[Black "Kantor, Mark"]
[Result "0-1"]
[WhiteElo "2108"]
[BlackElo "1691"]
[PlyCount "48"]
[EventDate "2013.10.13"]
[EventType "team-tourn"]
[EventRounds "11"]
[EventCountry "HUN"]
[SourceTitle "EXT 2016"]
[Source "ChessBase"]
[SourceDate "2015.10.08"]
[SourceVersion "1"]
[SourceVersionDate "2015.10.08"]
[SourceQuality "1"]

1. e4 Nf6 2. Nc3 d5 3. exd5 Nxd5 4. Bc4 Be6 5. Bxd5 Bxd5 6. Nxd5 Qxd5 7. Qf3 Qe6+ 8. Ne2 Nc6 9. 0-0 0-0-0 10. c3 Qc4 11. Re1 Kb8 12. d4 e5 13. b3 Qa6 14. Qxf7 Bd6 15. Qxg7 Rhg8 16. Qf7 Qd3 17. Qc4 Qf3 18. g3 h5 19. h4 exd4 20. cxd4 Rdf8 21. Nf4 Rxg3+ 22. fxg3 Qxg3+ 23. Kf1 a6 24. Qd3 Qxd3+ 0-1

[Event "HUN-chT4 1314"]
[Site "Hungary"]
[Date "2013.11.24"]
[Round "4.3"]
[White "Nagy, Ferenc"]
[Black "Lukacsi, Zsolt"]
[Result "0-1"]
[WhiteElo "2108"]
[BlackElo "1661"]
[PlyCount "68"]
[EventDate "2013.10.13"]
[EventType "team-tourn"]
[EventRounds "11"]
[EventCountry "HUN"]
[SourceTitle "EXT 2016"]
[Source "ChessBase"]
[SourceDate "2015.10.08"]
[SourceVersion "1"]
[SourceVersionDate "2015.10.08"]
[SourceQuality "1"]

1. e4 e5 2. Nf3 Nc6 3. Bb5 d6 4. Bxc6+ bxc6 5. h3 f5 6. d3 Nf6 7. Bg5 Be7 8. Nh4 fxe4 9. Bxf6 Bxf6 10. Qh5+ Ke7 11. g3 exd3 12. cxd3 Qe8 13. Qxe8+ Rxe8 14. Nc3 Bxh4 15. gxh4 h5 16. 0-0-0 Rf8 17. Rh2 Rf3 18. Ne4 Bf5 19. Rg1 g6 20. Kd2 Rg8 21. Ke2 Rxh3 22. Rxh3 Bxh3 23. Ng3 Rf8 24. f3 Rf4 25. Ne4 Bf5 26. Ng3 Kf6 27. Nxf5 Kxf5 28. Rh1 c5 29. a3 a5 30. b3 a4 31. bxa4 Rxa4 32. Rb1 Rxa3 33. Rb7 Ra4 34. Rxc7 Rxh4 0-1

[Event "Komarom Esztergom County-chT"]
[Site "Hungary"]
[Date "2013.03.17"]
[Round "8.3"]
[White "Meszaros, Vilmos"]
[Black "Nagy, Ferenc"]
[Result "1/2-1/2"]
[WhiteElo "1948"]
[BlackElo "2045"]
[PlyCount "81"]
[EventDate "2012.09.29"]
[EventType "team-tourn"]
[EventRounds "10"]
[EventCountry "HUN"]
[SourceTitle "EXT 2014"]
[Source "ChessBase"]
[SourceDate "2013.11.20"]
[SourceVersion "1"]
[SourceVersionDate "2013.11.20"]
[SourceQuality "1"]
[WhiteTeam "Kisber Aszar"]
[BlackTeam "Tata Naszaly"]
[WhiteTeamCountry "HUN"]
[BlackTeamCountry "HUN"]

1. Nf3 d5 2. c4 e6 3. g3 Nf6 4. Bg2 Be7 5. b3 0-0 6. Bb2 dxc4 7. bxc4 c6 8. Nc3 Nbd7 9. 0-0 Qa5 10. d3 Rd8 11. Qc2 Nf8 12. e3 Qh5 13. Ne2 Ng6 14. d4 Bd6 15. Nf4 Nxf4 16. exf4 Nd7 17. Rad1 Nf8 18. Rfe1 Bd7 19. Qc3 f6 20. Qb3 Rab8 21. Nd2 Kh8 22. Ne4 Bc7 23. d5 exd5 24. cxd5 Be8 25. Bxf6 gxf6 26. Nxf6 Qf7 27. Nxe8 Rxe8 28. Rxe8 Rxe8 29. Qxb7 cxd5 30. Bxd5 Qg7 31. Bf3 Bb6 32. Qc6 Qb2 33. Rf1 Re1 34. Rxe1 Qxf2+ 35. Kh1 Qxe1+ 36. Kg2 Qd2+ 37. Kh3 Qd7+ 38. Qxd7 Nxd7 39. Bc6 Nf6 40. Kg2 Kg7 41. Kf3 1/2-1/2

[Event "Komarom Esztergom County-chT"]
[Site "Hungary"]
[Date "2013.02.10"]
[Round "6.3"]
[White "Papp, Gabor1111"]
[Black "Nagy, Ferenc"]
[Result "0-1"]
[WhiteElo "1918"]
[BlackElo "2045"]
[PlyCount "96"]
[EventDate "2012.09.29"]
[EventType "team-tourn"]
[EventRounds "10"]
[EventCountry "HUN"]
[SourceTitle "EXT 2014"]
[Source "ChessBase"]
[SourceDate "2013.11.20"]
[SourceVersion "1"]
[SourceVersionDate "2013.11.20"]
[SourceQuality "1"]
[WhiteTeam "Acsi Kinizsi SC"]
[BlackTeam "Tata Naszaly"]
[WhiteTeamCountry "HUN"]
[BlackTeamCountry "HUN"]

1. d4 d5 2. c4 e6 3. Nc3 c6 4. Nf3 Nf6 5. Qc2 dxc4 6. a4 Bb4 7. Bg5 Qa5 8. e4 Nxe4 9. Bd2 Nxd2 10. Nxd2 b5 11. Be2 Bxc3 12. bxc3 Bb7 13. 0-0 Qc7 14. f4 g6 15. Ne4 Nd7 16. h4 a6 17. Ng5 Nf6 18. Rae1 h6 19. Nf3 Nd5 20. Bd1 0-0-0 21. Ne5 Rhf8 22. g3 Qa5 23. Rf3 Nb6 24. axb5 cxb5 25. Rfe3 Nd7 26. Nf3 Qc7 27. Nd2 g5 28. hxg5 hxg5 29. f5 Rh8 30. fxe6 fxe6 31. Ne4 Rh3 32. Bg4 Bxe4 33. Qxe4 Rxg3+ 34. Kf2 Qf4+ 35. Qxf4 gxf4 36. Rxg3 fxg3+ 37. Kxg3 Nf8 38. Bxe6+ Nxe6 39. Rxe6 Kb7 40. Kf4 a5 41. Ke4 b4 42. cxb4 axb4 43. d5 Rc8 44. Re7+ Kb6 45. Kd4 c3 46. Re6+ Kb5 47. d6 c2 48. Re5+ Ka4 0-1

[Event "HUN-chT4 1112"]
[Site "Hungary"]
[Date "2012.01.22"]
[Round "5.2"]
[White "Javorka, Janos"]
[Black "Nagy, Ferenc"]
[Result "1/2-1/2"]
[WhiteElo "1782"]
[BlackElo "2108"]
[PlyCount "68"]
[EventDate "2011.09.11"]
[EventType "team-tourn"]
[EventRounds "9"]
[EventCountry "HUN"]
[SourceTitle "EXT 2016"]
[Source "ChessBase"]
[SourceDate "2015.10.08"]
[SourceVersion "1"]
[SourceVersionDate "2015.10.08"]
[SourceQuality "1"]

1. d4 d5 2. Bf4 Nc6 3. Nf3 Bf5 4. a3 Nf6 5. h3 h6 6. e3 a6 7. Bd3 Ne4 8. c3 e6 9. Qc2 Bd6 10. Bxd6 Nxd6 11. Nbd2 Bxd3 12. Qxd3 0-0 13. 0-0 Nf5 14. Rac1 Nh4 15. Nxh4 Qxh4 16. Nf3 Qf6 17. Rfe1 e5 18. dxe5 Nxe5 19. Nxe5 Qxe5 20. Qd4 Qxd4 21. exd4 Rfe8 22. Kf1 c6 23. f4 Kf8 24. Re5 f6 25. Rxe8+ Rxe8 26. Re1 f5 27. Re5 g6 28. g4 Rxe5 29. fxe5 fxg4 30. hxg4 b6 31. Kf2 Ke7 32. Kf3 c5 33. Kf4 c4 34. a4 a5 1/2-1/2

[Event "HUN-chT2 Breyer 0910"]
[Site "Hungary"]
[Date "2010.04.18"]
[Round "10"]
[White "Nagy, Ferenc"]
[Black "Felmery, Mate"]
[Result "0-1"]
[WhiteElo "2108"]
[BlackElo "1714"]
[PlyCount "96"]
[EventDate "2009.11.08"]
[EventType "team-tourn"]
[EventRounds "11"]
[EventCountry "HUN"]
[SourceTitle "EXT 2011"]
[Source "ChessBase"]
[SourceDate "2010.11.26"]
[SourceVersion "1"]
[SourceVersionDate "2010.11.26"]
[SourceQuality "1"]
[WhiteTeam "Geniusz Tata"]
[BlackTeam "Biatorbagy"]
[WhiteTeamCountry "HUN"]
[BlackTeamCountry "HUN"]

1. d4 d5 2. c4 e6 3. Nf3 Nf6 4. Bg5 Be7 5. e3 0-0 6. Nc3 b6 7. cxd5 exd5 8. Rc1 a6 9. Bd3 Bb7 10. 0-0 h6 11. Bf4 Bd6 12. Bxd6 Qxd6 13. Ne5 Nbd7 14. f4 g6 15. Qf3 Kg7 16. Qh3 Qe7 17. Ne2 c5 18. a3 Rac8 19. g4 Rh8 20. Ng3 h5 21. g5 Ng4 22. Rce1 Ndxe5 23. dxe5 Rcd8 24. Bf5 Bc8 25. Bxc8 Rxc8 26. Qg2 h4 27. Nh1 Nxe5 28. fxe5 Qxe5 29. Nf2 Rce8 30. Nd3 h3 31. Rxf7+ Kg8 32. Qf3 Qxg5+ 33. Kh1 Qg2+ 34. Qxg2 hxg2+ 35. Kxg2 Kxf7 36. Nf4 Re5 37. h3 d4 38. e4 c4 39. Kg3 d3 40. Nd5 Rhe8 41. Rf1+ Kg7 42. Nxb6 Rxe4 43. Na4 d2 44. Rd1 Rd4 45. Nc3 Rb8 46. Na4 Rxb2 47. Nc5 Rb6 48. Na4 c3 0-1

[Event "HUN-chT2 Breyer 0910"]
[Site "Hungary"]
[Date "2010.02.28"]
[Round "7"]
[White "Nagy, Ferenc"]
[Black "Voros, Sandor"]
[Result "1/2-1/2"]
[WhiteElo "2108"]
[BlackElo "2055"]
[PlyCount "78"]
[EventDate "2009.11.08"]
[EventType "team-tourn"]
[EventRounds "11"]
[EventCountry "HUN"]
[SourceTitle "EXT 2011"]
[Source "ChessBase"]
[SourceDate "2010.11.26"]
[SourceVersion "1"]
[SourceVersionDate "2010.11.26"]
[SourceQuality "1"]
[WhiteTeam "Geniusz Tata"]
[BlackTeam "Turul"]
[WhiteTeamCountry "HUN"]
[BlackTeamCountry "HUN"]

1. d4 Nf6 2. c4 g6 3. Nc3 Bg7 4. e4 d6 5. Be2 0-0 6. Bg5 h6 7. Be3 Nbd7 8. g4 e5 9. d5 Nc5 10. f3 Ne8 11. h4 a6 12. Qd2 Kh7 13. Bd1 Rb8 14. Bc2 b5 15. b4 Nd7 16. cxb5 axb5 17. Bd3 Ba6 18. a4 Qc8 19. Nxb5 Qb7 20. Ne2 Nb6 21. Nec3 Qa8 22. 0-0 Nc8 23. Rfb1 Ne7 24. Na3 Bxd3 25. Qxd3 f5 26. gxf5 gxf5 27. Kh2 f4 28. Bg1 Bf6 29. Bf2 Ng7 30. Nab5 Qb7 31. a5 Ng6 32. a6 Qc8 33. a7 Ra8 34. Qc4 Ne8 35. Na4 Qd7 36. Qc6 Qd8 37. Kg2 Nxh4+ 38. Kf1 Nxf3 39. Ke2 Nd4+ 1/2-1/2

[Event "HUN-chT2 Breyer 0809"]
[Site "Hungary"]
[Date "2009.04.19"]
[Round "11"]
[White "Nagy, Ferenc"]
[Black "Horvath, Attila"]
[Result "1/2-1/2"]
[WhiteElo "2108"]
[BlackElo "2118"]
[PlyCount "39"]
[EventDate "2008.10.26"]
[EventType "team-tourn"]
[EventRounds "11"]
[EventCountry "HUN"]
[SourceTitle "EXT 2010"]
[Source "ChessBase"]
[SourceDate "2010.11.25"]
[SourceVersion "1"]
[SourceVersionDate "2010.11.25"]
[SourceQuality "1"]
[WhiteTeam "Geniusz Tata"]
[BlackTeam "Tatai Honved"]
[WhiteTeamCountry "HUN"]
[BlackTeamCountry "HUN"]

1. d4 Nf6 2. c4 g6 3. Nc3 d5 4. cxd5 Nxd5 5. e4 Nxc3 6. bxc3 Bg7 7. Bc4 c5 8. Be3 0-0 9. Ne2 Nc6 10. Rc1 cxd4 11. cxd4 Qa5+ 12. Kf1 Rd8 13. h4 h5 14. f3 e6 15. g4 Rd7 16. Kf2 Ne5 17. gxh5 gxh5 18. Bb3 Nc6 19. Rg1 Kf8 20. Rg5 1/2-1/2

[Event "HUN-chT2 Breyer 0809"]
[Site "Hungary"]
[Date "2009.02.08"]
[Round "7"]
[White "Nagy, Ferenc"]
[Black "Dekany, Lajos"]
[Result "1/2-1/2"]
[WhiteElo "2108"]
[BlackElo "2069"]
[PlyCount "75"]
[EventDate "2008.10.26"]
[EventType "team-tourn"]
[EventRounds "11"]
[EventCountry "HUN"]
[SourceTitle "EXT 2010"]
[Source "ChessBase"]
[SourceDate "2010.11.25"]
[SourceVersion "1"]
[SourceVersionDate "2010.11.25"]
[SourceQuality "1"]
[WhiteTeam "Geniusz Tata"]
[BlackTeam "Kisber Aszar"]
[WhiteTeamCountry "HUN"]
[BlackTeamCountry "HUN"]

1. d4 Nf6 2. c4 e6 3. Nc3 Bb4 4. a3 Bxc3+ 5. bxc3 c5 6. Nf3 Nc6 7. e3 Ne4 8. Bd2 f5 9. Bd3 a6 10. 0-0 0-0 11. Qc2 d5 12. cxd5 exd5 13. c4 cxd4 14. Nxd4 Nxd4 15. exd4 Nxd2 16. Qxd2 f4 17. f3 Qf6 18. Rf2 Be6 19. c5 Bd7 20. Bc2 b6 21. cxb6 Qxb6 22. Re2 Rac8 23. Rd1 Bb5 24. Re5 Bc4 25. Bb1 Rb8 26. Qf2 Rfe8 27. Rxe8+ Rxe8 28. Qh4 g6 29. Qxf4 Qb3 30. Rc1 Re2 31. Qg5 Qb2 32. Rd1 Bb3 33. Bxg6 Bxd1 34. Be4+ Kf8 35. Qd8+ Kf7 36. Qd7+ Kf8 37. Qd8+ Kf7 38. Qd7+ 1/2-1/2

[Event "HUN-chT2 Breyer 0809"]
[Site "Hungary"]
[Date "2009.01.11"]
[Round "5"]
[White "Nagy, Ferenc"]
[Black "Salamon, Endre"]
[Result "1-0"]
[WhiteElo "2108"]
[BlackElo "1889"]
[PlyCount "83"]
[EventDate "2008.10.26"]
[EventType "team-tourn"]
[EventRounds "11"]
[EventCountry "HUN"]
[SourceTitle "EXT 2010"]
[Source "ChessBase"]
[SourceDate "2010.11.25"]
[SourceVersion "1"]
[SourceVersionDate "2010.11.25"]
[SourceQuality "1"]
[WhiteTeam "Geniusz Tata"]
[BlackTeam "Vertesi Eromu"]
[WhiteTeamCountry "HUN"]
[BlackTeamCountry "HUN"]

1. d4 d5 2. c4 c6 3. cxd5 cxd5 4. Nf3 Nc6 5. Nc3 Nf6 6. Bf4 e6 7. e3 Be7 8. Bd3 0-0 9. Rc1 a6 10. 0-0 Bd6 11. Bg5 h6 12. Bh4 Be7 13. Bb1 Nd7 14. Bg3 f5 15. a3 Nf6 16. Ne5 Nxe5 17. Bxe5 Bd6 18. Bxd6 Qxd6 19. g3 Bd7 20. Na4 b6 21. Qb3 Bb5 22. Bd3 Bxd3 23. Qxd3 b5 24. Nc5 Rfc8 25. Rc2 Ne4 26. Rfc1 Nf6 27. Ne4 Rxc2 28. Nxf6+ gxf6 29. Qxc2 Rd8 30. g4 Kf7 31. gxf5 Rg8+ 32. Kh1 exf5 33. Qxf5 Rg5 34. Qh7+ Rg7 35. Qxh6 Rg6 36. Qh5 Kg7 37. Rg1 Rxg1+ 38. Kxg1 a5 39. Qg4+ Kf7 40. h4 b4 41. axb4 axb4 42. h5 1-0

[Event "HUN-chT2 Breyer 0708"]
[Site "Hungary"]
[Date "2007.11.25"]
[Round "3"]
[White "Nagy, Ferenc"]
[Black "Horvath, Rudolf"]
[Result "1/2-1/2"]
[WhiteElo "2108"]
[BlackElo "1951"]
[PlyCount "81"]
[EventDate "2007.10.14"]
[EventType "team"]
[EventRounds "11"]
[EventCountry "HUN"]
[SourceTitle "EXT 2009"]
[Source "ChessBase"]
[SourceDate "2008.11.26"]
[SourceVersion "1"]
[SourceVersionDate "2008.11.26"]
[SourceQuality "1"]
[WhiteTeam "Geniusz Tata"]
[BlackTeam "Balatonfuered"]
[WhiteTeamCountry "HUN"]
[BlackTeamCountry "HUN"]

1. d4 d5 2. c4 e6 3. Nc3 Be7 4. Nf3 Nf6 5. Bg5 h6 6. Bh4 0-0 7. e3 b6 8. Rc1 Bb7 9. Bd3 Nbd7 10. cxd5 Nxd5 11. Bxe7 Nxe7 12. 0-0 c5 13. Bb1 cxd4 14. Nxd4 e5 15. Nf3 Nc6 16. Nb5 Nc5 17. Qc2 e4 18. Nfd4 Nb4 19. Qd2 Nbd3 20. Rcd1 a6 21. Nc3 Rc8 22. Nce2 a5 23. a3 a4 24. f3 f5 25. Bxd3 exd3 26. Nf4 Bd5 27. Nxd5 Qxd5 28. Qb4 Rfe8 29. Rfe1 Rb8 30. Nb5 Qd7 31. Qc4+ Kh8 32. Nc3 Rbc8 33. Qb4 Rc6 34. Nxa4 Na6 35. Qb5 d2 36. Re2 Nc7 37. Qb3 Rd8 38. Rexd2 Qxd2 39. Rxd2 Rxd2 40. Nc3 Nd5 41. Qa4 1/2-1/2